| 000 | 01175nam a2200289 a 4500 | ||
|---|---|---|---|
| 001 | 79401 | ||
| 003 | BD-RjUL | ||
| 005 | 20220216124046.0 | ||
| 008 | 220219s19621963sw 000 0 ara d | ||
| 035 | _a(BD-RjUL)79401 | ||
| 040 |
_aBAR _beng _cBD-RjUL |
||
| 041 | _aara | ||
| 082 |
_223 _a297.092079 _bANN 1963 |
||
| 092 | _a892.7941 ANB n | ||
| 100 | 1 |
_aAnbari, Abu Al-Barakat ;; الانباري, ابو البركات _d1119-1181. _91403 |
|
| 245 | 1 | 0 |
_aنزهة الالباء في طبقات الادباء = Nuzhat al - alibba fi tabaqat al - Udaba ' / _cلابي البركات الانباري؛ تحقيق عطية عامر.= D' Al-Anbari; Investigated by Atiya Amer. |
| 246 | 3 | 3 | _aNuzhat al-Alibba fi Tabaqat al-Udaba d'al-Anbari |
| 260 |
_aStockholm : _bAlmqvist & Wiksell, _c[1963]. |
||
| 300 |
_a268، XXXVI ص. ; _c24 س. |
||
| 500 | _aمع ص.ع. ومقدمة بالفرنسية | ||
| 650 | 4 |
_aMuslim scholars _91405 |
|
| 650 | 4 |
_aAuthors, Arab _91406 |
|
| 700 | 1 |
_aعامر، عطية _91407 |
|
| 700 | 1 |
_aIbn al-Anbārī, ʻAbd al-Raḥmān ibn Muḥammad, _d1119-1181. _91408 |
|
| 942 |
_2ddc _cBK |
||
| 999 |
_c79401 _d79401 |
||